000 01049nam a2200301Ia 4500
005 20220316235303.0
008 121119s2003 mx a gr 001 0 spa
020 _a9682302285
041 0 _aspa
082 0 4 _a940.287
_bM65E
100 1 _aMommsen, Wolfang,
245 1 3 _aLa época del imperialismo (1885-1918)
_cWolfgang J. Mommsen
250 _aVigésima segunda edición
264 1 _aMéxico
_bSiglo XXI de España
_c2003
300 _a360 páginas
_bilustraciones
_c18 cm.
336 _atexto
_btxt
_2rdacontent
337 _asin mediación
_bn
_2rdamedia
338 _avolumen
_bnc
_2rdacarrier
490 0 _aHistoria universal siglo XXI
500 _aSubtítulo de la carátula: Europa 1885-1918
504 _a Incluye notas bibliográficas e índice al final del texto
650 1 4 _2LEMB
_aImperialismo
650 1 4 _2LEMB
_aImperialismo europeo
_xHistoria
_y1885-1918
650 1 4 _2LEMB
_aPrimera Guerra Mundial
_y1914-1918
651 4 _aEuropa
_xHistoria
_y1885-1918
_9117334
942 _2ddc
_cBK
040 _aCO-BoRNBP
_bspa
_erda
_cCO-BoRNBP
999 _c498
_d498